[Event "IECG CB.2003.0.00094 email"]
[Site "IECG email"]
[Date "2003.09.21"]
[Round "?"]
[White "Van Bommel, Ton"]
[Black "Kuc, Mariusz"]
[Result "1/2-1/2"]
[WhiteElo "1861"]
[BlackElo "1802"]
[PlyCount "148"]
[EventDate "2003.09.21"]
[EventType "tourn (corr)"]
[EventRounds "6"]
[SourceTitle "Corr 2008"]
[Source "ChessBase"]
[SourceDate "2008.06.24"]
[SourceVersion "1"]
[SourceVersionDate "2008.06.24"]
[SourceQuality "1"]

1. e4 Nf6 2. e5 Nd5 3. d4 d6 4. Nf3 Bg4 5. Be2 c6 6. 0-0 Bxf3 7. Bxf3 dxe5 8. dxe5 e6 9. Nd2 Qc7 10. Re1 Nd7 11. Nc4 Be7 12. Nd6+ Kf8 13. Bxd5 cxd5 14. Bf4 Nb6 15. b3 Nc8 16. c4 Nxd6 17. cxd5 exd5 18. exd6 Bxd6 19. Rc1 Qb8 20. Be3 Bxh2+ 21. Kh1 Bd6 22. Qxd5 Kg8 23. Red1 Ba3 24. Rc4 h6 25. Bf4 Qe8 26. Rc7 b6 27. Kh2 a5 28. Rd7 Bc5 29. Re1 Qf8 30. Kg1 Rc8 31. Qf5 Re8 32. Rxe8 Qxe8 33. Be5 b5 34. a4 bxa4 35. bxa4 Bf8 36. Bc3 Rh7 37. Bxa5 g6 38. Qd3 Rg7 39. Bb4 Bxb4 40. Rd8 Qxd8 41. Qxd8+ Kh7 42. Qd4 Ba5 43. Qc5 Bd2 44. a5 Bxa5 45. Qxa5 f6 46. Qb6 Rf7 47. g4 f5 48. gxf5 Rxf5 49. Qc7+ Kg8 50. f4 Rf7 51. Qd6 Kh7 52. Kf2 Kg7 53. Qe5+ Kg8 54. Kf3 Rf5 55. Qd6 Kg7 56. Ke4 Kf7 57. Qd4 Kg8 58. Qg1 Kg7 59. Qe3 Kg8 60. Qa7 Rf7 61. Qa8+ Kg7 62. Qa1+ Kh7 63. f5 Rxf5 64. Qa7+ Kg8 65. Qb6 Kg7 66. Qb2+ Kg8 67. Qb3+ Kg7 68. Qc3+ Kg8 69. Qc8+ Kg7 70. Qd7+ Kg8 71. Qe6+ Kg7 72. Qe7+ Kg8 73. Qd7 Kh8 74. Qd8+ Kg7 1/2-1/2

[Event "IECG CP.2002.P.00066 email"]
[Site "IECG email"]
[Date "2002.10.01"]
[Round "?"]
[White "Billion, Paul"]
[Black "Kuc, Mariusz"]
[Result "1/2-1/2"]
[WhiteElo "2070"]
[BlackElo "1776"]
[PlyCount "38"]
[EventDate "2002.10.01"]
[EventType "tourn (corr)"]
[EventRounds "6"]
[EventCountry "ENG"]
[SourceTitle "Corr 2008"]
[Source "ChessBase"]
[SourceDate "2008.06.24"]
[SourceVersion "1"]
[SourceVersionDate "2008.06.24"]
[SourceQuality "1"]

1. d4 f5 2. Nf3 Nf6 3. Bg5 e6 4. e3 Be7 5. c4 Ne4 6. Bxe7 Qxe7 7. Bd3 0-0 8. Qc2 d5 9. Nc3 c6 10. 0-0 g5 11. Ne5 Nd7 12. f4 Nxc3 13. Nxd7 Bxd7 14. bxc3 Rae8 15. c5 Bc8 16. Qa4 a6 17. Qc2 Kh8 18. Rab1 Rg8 19. Qe2 Rg6 1/2-1/2

[Event "IECG CP.2001.P.00044"]
[Site "IECG email"]
[Date "2001.10.01"]
[Round "?"]
[White "Bryant, Barry"]
[Black "Kuc, Mariusz"]
[Result "0-1"]
[WhiteElo "1469"]
[BlackElo "1900"]
[PlyCount "80"]
[EventDate "2001.10.01"]
[EventType "tourn (corr)"]
[EventRounds "6"]
[SourceTitle "Corr 2008"]
[Source "ChessBase"]
[SourceDate "2008.06.24"]
[SourceVersion "1"]
[SourceVersionDate "2008.06.24"]
[SourceQuality "1"]

1. e4 Nf6 2. e5 Nd5 3. d4 d6 4. c4 Nb6 5. Bf4 dxe5 6. Bxe5 Nc6 7. Nc3 f6 8. Bg3 Nxd4 9. c5 Bf5 10. Rc1 Nc8 11. Bxc7 Qxc7 12. Qxd4 e5 13. Bb5+ Bd7 14. Nd5 Qa5+ 15. Qc3 Qxc3+ 16. Rxc3 Bxb5 17. Nc7+ Kd7 18. Nxa8 Ne7 19. Rb3 Bc6 20. Ne2 Ng6 21. 0-0 Bxc5 22. Rd3+ Kc8 23. Rc1 Bd4 24. Nxd4 exd4 25. Rxd4 Ne7 26. Rcd1 b6 27. Re1 Ng6 28. Rc1 Kb7 29. Rd6 Rc8 30. h4 Nf4 31. Rc2 Nxg2 32. b4 Ne1 33. Rc1 Nf3+ 34. Kg2 Nxh4+ 35. Kh2 b5 36. Rc5 Nf3+ 37. Kg3 Ng5 38. f3 Nxf3 39. Rdxc6 Rxc6 40. Rxb5+ Kxa8 0-1

[Event "IECG CP.2001.P.00044"]
[Site "IECG email"]
[Date "2001.10.01"]
[Round "?"]
[White "Kuc, Mariusz"]
[Black "Csoma, Robert"]
[Result "1-0"]
[WhiteElo "1900"]
[BlackElo "2203"]
[PlyCount "65"]
[EventDate "2001.10.01"]
[EventType "tourn (corr)"]
[EventRounds "6"]
[SourceTitle "Corr 2008"]
[Source "ChessBase"]
[SourceDate "2008.06.24"]
[SourceVersion "1"]
[SourceVersionDate "2008.06.24"]
[SourceQuality "1"]

1. e4 d6 2. d4 Nf6 3. Nc3 g6 4. Bg5 Bg7 5. Qd2 0-0 6. 0-0-0 c6 7. f4 Bg4 8. Re1 h6 9. Bh4 a5 10. h3 Bd7 11. Bd3 Na6 12. e5 dxe5 13. fxe5 Nd5 14. Nxd5 cxd5 15. e6 Bxe6 16. a3 Nc7 17. Nf3 Qd6 18. Qf2 Qd7 19. Bg3 Rab8 20. Ne5 Qc8 21. Qd2 a4 22. Qb4 Ra8 23. Qxe7 Re8 24. Qh4 b5 25. Bf4 g5 26. Bxg5 hxg5 27. Qxg5 Qd8 28. Qh5 Bxe5 29. Rxe5 Kf8 30. Rf1 Qd6 31. Bg6 Ke7 32. Rxf7+ Kd8 33. Rxc7 1-0